Consultoria

Bibliographic Details
Main Author: Mocsǹyi, Dino Carlos
Format: Book
Language:Portuguese
Published: Sao Paulo Editora NELPA 2013
Subjects:
Online Access:Acceso restringido

MARC

LEADER 00000nam a22000007a 4500
005 20151203095620.0
007 cr|z|| ||u|
008 151203s bz ||||| |||| 00| 0 por d
020 |a 978-85-8020-022-5 
035 |a 12949 
040 |a vLex 
090 |c 5710  |d 5710 
100 1 |a Mocsǹyi, Dino Carlos 
245 1 0 |a Consultoria  |h [Recurso electrn̤ico] /  |c Dino Carlos Mocsǹyi  
256 |a Servicio en ln̕ea 
260 |a Sao Paulo  |b Editora NELPA  |c 2013 
300 |a 1 recurso electrn̤ico (262 Pg̀inas) 
506 1 |a Contenido solo disponible en los productos indicados  |d vLex Global  |d vLex Global (Academic Edition, excluding Law Schools)  |d vLex Global (U.S. Academic Edition, Law Schools)  |d vLex Global (U.S. Academic Edition, excluding Law Schools)  |d vLex Global (Academic Edition, Law Schools) 
650 0 4 |a Asesores  |z Sao Paulo 
740 0 |a vLex libros (servicio en ln̕ea) 
856 4 0 |u http://vlex.com/source/consultoria-12949  |z Acceso restringido 
942 |c BOOK 
999 0 |a Consultants